[Event "GBR-ch111 Major Open"]
[Site "Liverpool"]
[Date "2025.08.07"]
[Round "6.59"]
[White "Eldridge, Albert"]
[Black "Woozeer, Seth"]
[Result "1-0"]
[WhiteElo "1792"]
[BlackElo "1780"]
[PlyCount "71"]
[EventDate "2025.08.02"]
[EventType "swiss"]
[EventRounds "9"]
[EventCountry "GBR"]
[SourceTitle "BritBase"]
[Source "John Saunders"]
[SourceDate "2025.08.11"]
[SourceVersion "1"]
[SourceVersionDate "2025.08.11"]
[SourceQuality "1"]

1. d4 Nf6 2. c4 g6 3. Nf3 Bg7 4. e3 d6 5. Be2 O-O 6. O-O Nc6 7. Nc3 e5 8. d5 Ne7 9. Nd2 Ne8 10. b4 f5 11. Bb2 Nf6 12. Qb3 Kh8 13. Rfd1 g5 14. c5 Ng6 15. cxd6 cxd6 16. Rac1 Rf7 17. a4 h5 18. b5 Bf8 19. Nc4 f4 20. Bd3 Nh4 21. Ne4 Nxe4 22. Bxe4 Bf5 23. Bxf5 Nxf5 24. e4 Nh4 25. Rc2 f3 26. g3 Qd7 27. Ne3 Ng6 28. Nf5 g4 29. Rdc1 Qd8 30. Qe3 Ne7 31. Nxe7 Bxe7 32. Qh6+ Rh7 33. Qe6 Qg8 34. Rc8 Rxc8 35. Rxc8 Bf8 36. Qf6+ 1-0

[Event "GBR-ch111 Major Open"]
[Site "Liverpool"]
[Date "2025.08.07"]
[Round "6.60"]
[White "Ellson, Louie"]
[Black "Van Uytvange, Jonas"]
[Result "1-0"]
[WhiteElo "1807"]
[BlackElo "1566"]
[PlyCount "81"]
[EventDate "2025.08.02"]
[EventType "swiss"]
[EventRounds "9"]
[EventCountry "GBR"]
[SourceTitle "BritBase"]
[Source "John Saunders"]
[SourceDate "2025.08.11"]
[SourceVersion "1"]
[SourceVersionDate "2025.08.11"]
[SourceQuality "1"]

1. d4 d5 2. c4 e6 3. Nc3 Be7 4. Nf3 Nf6 5. Bf4 a6 6. cxd5 exd5 7. e3 O-O 8. Qc2 c6 9. Bd3 Nbd7 10. h3 g6 11. O-O-O Nh5 12. Bh6 Re8 13. g4 Ng7 14. Rdg1 b5 15. h4 Nf8 16. Ne5 Qd6 17. Bxg7 Kxg7 18. g5 a5 19. f4 b4 20. Na4 Ba6 21. Bxa6 Rxa6 22. Nc5 Rb6 23. f5 Kg8 24. h5 Rb5 25. hxg6 fxg6 26. fxg6 Nxg6 27. Ncd3 Rf8 28. Qh2 Rf7 29. Nxf7 Qxh2 30. Rxh2 Kxf7 31. Rxh7+ Kg8 32. Rh6 Kg7 33. Nf4 Nxf4 34. exf4 c5 35. Re1 Rb7 36. Rhe6 Bxg5 37. fxg5 cxd4 38. Re7+ Rxe7 39. Rxe7+ Kg6 40. Rd7 Kxg5 41. Rxd5+ 1-0

[Event "GBR-ch111 Major Open"]
[Site "Liverpool"]
[Date "2025.08.07"]
[Round "6.61"]
[White "Shah, Samuel"]
[Black "Coe, Laurence"]
[Result "1-0"]
[WhiteElo "1693"]
[BlackElo "1833"]
[PlyCount "74"]
[EventDate "2025.08.02"]
[EventType "swiss"]
[EventRounds "9"]
[EventCountry "GBR"]
[SourceTitle "BritBase"]
[Source "John Saunders"]
[SourceDate "2025.08.11"]
[SourceVersion "1"]
[SourceVersionDate "2025.08.11"]
[SourceQuality "1"]

1. e4 c6 2. d4 d5 3. exd5 cxd5 4. c4 Nf6 5. Nc3 Nc6 6. Nf3 Bg4 7. cxd5 Nxd5 8. Qb3 Bxf3 9. gxf3 Nxc3 10. bxc3 Qc7 11. Ba3 a6 12. Bd3 g6 13. Rb1 b5 14. Be4 Rc8 15. O-O Na5 16. Qc2 Nc4 17. Bc1 e6 18. a4 Nd6 19. Bf4 g5 20. Be5 f6 21. Bxf6 Bg7 22. Bc6+ Kf8 23. Bxg7+ Kxg7 24. axb5 axb5 25. Bxb5 Qa5 26. Qd2 Kf6 27. Qe2 Rb8 28. Qe5+ Ke7 29. Qxg5+ Kf8 30. Qf6+ Nf7 31. Bc4 Rxb1 32. Rxb1 Qc7 33. Bxe6 Rg8+ 34. Kh1 Rg7 35. Rg1 Rg6 36. Rxg6 hxg6 37. Qxf7+ Qxf7 1-0

[Event "GBR-ch111 Major Open"]
[Site "Liverpool"]
[Date "2025.08.07"]
[Round "6.62"]
[White "Barton, Will"]
[Black "Storey, Cameron"]
[Result "1/2-1/2"]
[WhiteElo "1580"]
[BlackElo "1774"]
[PlyCount "143"]
[EventDate "2025.08.02"]
[EventType "swiss"]
[EventRounds "9"]
[EventCountry "GBR"]
[SourceTitle "BritBase"]
[Source "John Saunders"]
[SourceDate "2025.08.11"]
[SourceVersion "1"]
[SourceVersionDate "2025.08.11"]
[SourceQuality "1"]

1. e4 g6 2. d4 Bg7 3. c4 Nc6 4. Nf3 e5 5. d5 Nd4 6. Be3 c5 7. Nc3 d6 8. Bd3 Ne7 9. O-O O-O 10. h3 f5 11. Bg5 Nxf3+ 12. Qxf3 f4 13. a3 h6 14. Bxe7 Qxe7 15. Be2 Kh7 16. b4 b6 17. Qd3 Rg8 18. bxc5 bxc5 19. Rab1 g5 20. Rb3 Bf6 21. Rfb1 a6 22. Bg4 Ra7 23. Qd1 Qe8 24. Rb6 Be7 25. Bxc8 Qxc8 26. Rc6 Qe8 27. Rbb6 h5 28. Rxa6 Rxa6 29. Rxa6 g4 30. hxg4 Rxg4 31. f3 Rg7 32. Kf1 Qg6 33. Qe2 Qg3 34. Qf2 Qh2 35. Qg1 Qg3 36. Ne2 Qg6 37. Qf2 Qe8 38. Nc3 h4 39. Nb5 h3 40. gxh3 Qc8 41. Ra7 Qxh3+ 42. Ke2 Rg2 43. Rxe7+ Kg8 44. Re8+ Kg7 45. Nxd6 Rxf2+ 46. Kxf2 Qg3+ 47. Ke2 Qg2+ 48. Ke1 Qxf3 49. Nf5+ Kh7 50. Re7+ Kg8 51. d6 Qxe4+ 52. Kd2 Qg2+ 53. Kd3 e4+ 54. Kc3 Qh3+ 55. Kc2 Qxf5 56. d7 e3+ 57. Kc1 Qd3 58. Re8+ Kf7 59. d8=Q Qxc4+ 60. Kd1 Qa4+ 61. Ke1 Qxe8 62. Qc7+ Ke6 63. Qxf4 Kd5 64. Ke2 Qe4 65. Qxe3 Qxe3+ 66. Kxe3 Kc4 67. a4 Kb3 68. a5 c4 69. a6 c3 70. a7 c2 71. a8=Q c1=Q+ 72. Kf2 1/2-1/2

[Event "GBR-ch111 Major Open"]
[Site "Liverpool"]
[Date "2025.08.07"]
[Round "6.63"]
[White "Perkins, Chris"]
[Black "Banerjee, Sanjoy K"]
[Result "1-0"]
[WhiteElo "1747"]
[BlackElo "1729"]
[PlyCount "45"]
[EventDate "2025.08.02"]
[EventType "swiss"]
[EventRounds "9"]
[EventCountry "GBR"]
[SourceTitle "BritBase"]
[Source "John Saunders"]
[SourceDate "2025.08.11"]
[SourceVersion "1"]
[SourceVersionDate "2025.08.11"]
[SourceQuality "1"]

1. e4 c5 2. Nc3 d6 3. f4 g6 4. Nf3 Bg7 5. Bc4 Nc6 6. d3 e6 7. Bb3 Nge7 8. O-O O-O 9. g4 Nd4 10. Qe1 Nxb3 11. axb3 f5 12. h3 fxg4 13. hxg4 e5 14. f5 d5 15. Qh4 dxe4 16. dxe4 Nc6 17. Bg5 Qd6 18. Rad1 Nd4 19. Nd5 Nxf3+ 20. Rxf3 Kf7 21. fxg6+ Ke6 22. Rxf8 Qxf8 23. Nc7# 1-0

[Event "GBR-ch111 Major Open"]
[Site "Liverpool"]
[Date "2025.08.07"]
[Round "6.64"]
[White "Buffard, Julien"]
[Black "Raj Konwar, Daryan"]
[Result "1-0"]
[WhiteElo "1732"]
[BlackElo "1572"]
[PlyCount "51"]
[EventDate "2025.08.02"]
[EventType "swiss"]
[EventRounds "9"]
[EventCountry "GBR"]
[SourceTitle "BritBase"]
[Source "John Saunders"]
[SourceDate "2025.08.11"]
[SourceVersion "1"]
[SourceVersionDate "2025.08.11"]
[SourceQuality "1"]

1. e4 c5 2. Nf3 Nc6 3. d4 cxd4 4. Nxd4 g6 5. Nc3 Bg7 6. Be3 a6 7. Qd2 e6 8. O-O-O Nge7 9. f3 b5 10. g4 O-O 11. h4 b4 12. Na4 f5 13. Nxc6 Nxc6 14. Nb6 Qf6 15. Nc4 f4 16. Bc5 b3 17. axb3 Rd8 18. g5 Qf7 19. Nd6 Qe7 20. Nb7 Bxb7 21. Bxe7 Nxe7 22. Bh3 Kf7 23. Qxf4+ Kg8 24. Rd3 Nc6 25. Rhd1 Ne5 26. Bxe6+ 1-0

[Event "GBR-ch111 Major Open"]
[Site "Liverpool"]
[Date "2025.08.07"]
[Round "6.66"]
[White "Pleimling, Luc"]
[Black "Ding, Yihua"]
[Result "0-1"]
[WhiteElo "1664"]
[BlackElo "1536"]
[PlyCount "88"]
[EventDate "2025.08.02"]
[EventType "swiss"]
[EventRounds "9"]
[EventCountry "GBR"]
[SourceTitle "BritBase"]
[Source "John Saunders"]
[SourceDate "2025.08.11"]
[SourceVersion "1"]
[SourceVersionDate "2025.08.11"]
[SourceQuality "1"]

1. d4 Nf6 2. Nf3 e6 3. g3 b6 4. Bg2 Bb7 5. O-O Be7 6. b3 O-O 7. Bb2 d6 8. Nbd2 Nbd7 9. c4 h6 10. Qc2 c5 11. e3 Rc8 12. dxc5 Nxc5 13. Bxf6 Bxf6 14. Rad1 Qc7 15. Nd4 Bxg2 16. Kxg2 Qb7+ 17. f3 Bxd4 18. exd4 Nd7 19. Qe4 Qxe4 20. fxe4 Nf6 21. h3 Rfd8 22. e5 dxe5 23. dxe5 Nd7 24. Nf3 Nc5 25. Nd4 Rd7 26. Nb5 Rcd8 27. Rxd7 Rxd7 28. Rf2 a6 29. Nd6 Nd3 30. Re2 Rd8 31. Re3 Nxe5 32. Rxe5 Rxd6 33. a4 Rd2+ 34. Kf3 Rd3+ 35. Kf4 Rxb3 36. a5 bxa5 37. Rxa5 Rb4 38. Rxa6 Rxc4+ 39. Ke5 Rc3 40. Kf4 g6 41. h4 h5 42. Ra5 Kg7 43. Ra4 e5+ 44. Kxe5 Rxg3 0-1

[Event "GBR-ch111 Major Open"]
[Site "Liverpool"]
[Date "2025.08.08"]
[Round "7.1"]
[White "Wall, Tim P"]
[Black "Cancedda-Dupuis, Livio"]
[Result "1-0"]
[WhiteElo "2158"]
[BlackElo "2053"]
[PlyCount "107"]
[EventDate "2025.08.02"]
[EventType "swiss"]
[EventRounds "9"]
[EventCountry "GBR"]
[SourceTitle "BritBase"]
[Source "John Saunders"]
[SourceDate "2025.08.11"]
[SourceVersion "1"]
[SourceVersionDate "2025.08.11"]
[SourceQuality "1"]

1. d4 Nf6 2. Nc3 d5 3. Bf4 a6 4. e3 Bf5 5. Nf3 e6 6. Bd3 Bg6 7. Ne5 Nbd7 8. h4 Nxe5 9. dxe5 Nd7 10. h5 Bxd3 11. cxd3 h6 12. d4 c5 13. O-O b5 14. Qg4 b4 15. Ne2 c4 16. Rfd1 Nb6 17. a3 bxa3 18. bxa3 Na4 19. e4 Qd7 20. Be3 O-O-O 21. Bd2 Kb7 22. Rab1+ Ka7 23. Bb4 Bxb4 24. Rxb4 a5 25. Rbb1 Rhg8 26. Qf3 Rb8 27. exd5 exd5 28. Nf4 Rgd8 29. Rxb8 Kxb8 30. Qg3 Ka7 31. Qxg7 Qf5 32. g3 Ka6 33. Qxh6+ Kb5 34. e6 fxe6 35. Nxe6 Rd6 36. Re1 c3 37. Qe3 Kc4 38. Nf4 Qc2 39. Qe7 Qd2 40. Rb1 Qb2 41. Qc7+ Kb3 42. Rxb2+ cxb2 43. Qxd6 b1=Q+ 44. Kh2 Qc2 45. Qxd5+ Kxa3 46. Kg2 Kb4 47. h6 Nc3 48. Qb7+ Ka3 49. h7 Ne4 50. Nh3 Nd6 51. Qe7 Qc6+ 52. Kh2 Qa8 53. Qxd6+ Kb2 54. Qe5 1-0

[Event "GBR-ch111 Major Open"]
[Site "Liverpool"]
[Date "2025.08.08"]
[Round "7.2"]
[White "Kolani, Arjun"]
[Black "Sefton, Adam"]
[Result "1-0"]
[WhiteElo "2118"]
[BlackElo "2074"]
[PlyCount "81"]
[EventDate "2025.08.02"]
[EventType "swiss"]
[EventRounds "9"]
[EventCountry "GBR"]
[SourceTitle "BritBase"]
[Source "John Saunders"]
[SourceDate "2025.08.11"]
[SourceVersion "1"]
[SourceVersionDate "2025.08.11"]
[SourceQuality "1"]

1. e4 c5 2. Nf3 d6 3. d4 cxd4 4. Nxd4 Nf6 5. Nc3 a6 6. h3 e5 7. Nde2 h5 8. g3 Be6 9. Bg2 Qd7 10. a4 Nc6 11. Nd5 Bxd5 12. exd5 Ne7 13. O-O Ng6 14. f4 exf4 15. Nxf4 Ne5 16. Nd3 h4 17. g4 Be7 18. Bf4 Ng6 19. Be3 O-O 20. g5 Nh7 21. Qh5 Qd8 22. Rf5 Nh8 23. Be4 g6 24. Qh6 f6 25. Nf4 Qe8 26. Ne6 Rf7 27. Rf2 f5 28. Bd3 Nf8 29. Qxh4 Rh7 30. Qg3 Rc8 31. Bd4 Nf7 32. Bxf5 Ne5 33. Nxf8 Bxf8 34. Be6+ Kh8 35. Bxc8 Qxc8 36. Bxe5+ dxe5 37. Qxe5+ Bg7 38. Qe6 Qb8 39. c3 Qd8 40. Re1 Qxg5+ 41. Rg2 1-0

[Event "GBR-ch111 Major Open"]
[Site "Liverpool"]
[Date "2025.08.08"]
[Round "7.3"]
[White "Taylor, Adam A"]
[Black "Ortiz Sanchez, Luis"]
[Result "1/2-1/2"]
[WhiteElo "2279"]
[BlackElo "1908"]
[PlyCount "86"]
[EventDate "2025.08.02"]
[EventType "swiss"]
[EventRounds "9"]
[EventCountry "GBR"]
[SourceTitle "BritBase"]
[Source "John Saunders"]
[SourceDate "2025.08.11"]
[SourceVersion "1"]
[SourceVersionDate "2025.08.11"]
[SourceQuality "1"]

1. Nf3 d5 2. c4 c6 3. e3 Nf6 4. b3 Bf5 5. Be2 h6 6. O-O e6 7. d4 Nbd7 8. Ba3 Bxa3 9. Nxa3 O-O 10. Nb1 Ne4 11. Nfd2 Qg5 12. f4 Qg6 13. Bh5 Qh7 14. Nxe4 Bxe4 15. Nd2 Nf6 16. Be2 Bd3 17. Rc1 Rfd8 18. Rf3 Rac8 19. c5 Nd7 20. g4 Nf6 21. h3 Re8 22. Kg2 Bxe2 23. Qxe2 Ne4 24. Nxe4 Qxe4 25. Qc2 Qxc2+ 26. Rxc2 f6 27. h4 e5 28. dxe5 fxe5 29. f5 Rcd8 30. Rd2 b6 31. b4 bxc5 32. bxc5 Rb8 33. e4 d4 34. Ra3 Re7 35. Ra6 Rc7 36. Kf3 Rb1 37. g5 hxg5 38. hxg5 Kf7 39. Rh2 Re1 40. Re2 Rf1+ 41. Rf2 Re1 42. Re2 Rf1+ 43. Rf2 Re1 1/2-1/2

[Event "GBR-ch111 Major Open"]
[Site "Liverpool"]
[Date "2025.08.08"]
[Round "7.4"]
[White "Quaite, Toby"]
[Black "Rushbrooke, Remy"]
[Result "1-0"]
[WhiteElo "1988"]
[BlackElo "2090"]
[PlyCount "93"]
[EventDate "2025.08.02"]
[EventType "swiss"]
[EventRounds "9"]
[EventCountry "GBR"]
[SourceTitle "BritBase"]
[Source "John Saunders"]
[SourceDate "2025.08.11"]
[SourceVersion "1"]
[SourceVersionDate "2025.08.11"]
[SourceQuality "1"]

1. d4 d5 2. c4 c6 3. cxd5 cxd5 4. Nc3 Nf6 5. f3 Nc6 6. e4 e6 7. e5 Nd7 8. f4 Nb6 9. Nf3 Bd7 10. Bd3 Rc8 11. O-O Nc4 12. b3 Na3 13. Ne2 Be7 14. Kh1 g6 15. g4 Qa5 16. Bd2 Qb6 17. Rc1 Nb4 18. Rxc8+ Bxc8 19. Bxb4 Qxb4 20. Qc1 Bd7 21. f5 Qb6 22. Nf4 Nb5 23. Qe3 Nc7 24. fxe6 Bxe6 25. h3 a6 26. Rc1 Kd7 27. Kg2 Kc8 28. Nxe6 Qxe6 29. Qh6 Bf8 30. Qd2 Kb8 31. Ng5 Qe7 32. Nf3 Ne6 33. Bf1 h5 34. g5 h4 35. Qa5 Rh5 36. Kh2 Qd7 37. Qb6 Be7 38. Bxa6 Bxg5 39. Bb5 Qe7 40. Nxg5 Rxg5 41. Qd6+ Qxd6 42. exd6 Rh5 43. Be8 Rf5 44. Bd7 Rf2+ 45. Kg1 Nf4 46. Rc8+ Ka7 47. Kxf2 1-0

[Event "GBR-ch111 Major Open"]
[Site "Liverpool"]
[Date "2025.08.08"]
[Round "7.5"]
[White "Sieczkowski, Adam"]
[Black "Pilley, Jack"]
[Result "0-1"]
[WhiteElo "1806"]
[BlackElo "2032"]
[PlyCount "110"]
[EventDate "2025.08.02"]
[EventType "swiss"]
[EventRounds "9"]
[EventCountry "GBR"]
[SourceTitle "BritBase"]
[Source "John Saunders"]
[SourceDate "2025.08.11"]
[SourceVersion "1"]
[SourceVersionDate "2025.08.11"]
[SourceQuality "1"]

1. d4 Nf6 2. c4 e6 3. Nc3 Bb4 4. e3 O-O 5. Bd3 d5 6. Nf3 b6 7. O-O Bb7 8. a3 Bd6 9. b4 a5 10. b5 Nbd7 11. Bb2 Qe7 12. Re1 Rad8 13. e4 dxc4 14. Bxc4 e5 15. Bd5 Nxd5 16. exd5 Rfe8 17. Qb3 Qf8 18. Ne4 exd4 19. Bxd4 Ne5 20. Nxe5 Bxe5 21. Bxe5 Rxe5 22. Qg3 Re7 23. Re3 f5 24. Ng5 Rxe3 25. fxe3 Bxd5 26. Rc1 Qxa3 27. Rxc7 Qa1+ 28. Kf2 Qb2+ 29. Kg1 h6 30. Nf3 Bxf3 31. Qxf3 Qa1+ 32. Kf2 Rd2+ 33. Kg3 Qe5+ 34. Qf4 Qxf4+ 35. exf4 Rd5 36. Kh4 Rxb5 37. Kh5 Kh7 38. h3 a4 39. Rc1 a3 40. Ra1 Rb3 41. Kh4 b5 42. g4 fxg4 43. hxg4 b4 44. g5 Kg6 45. Kg4 h5+ 46. Kh4 Rf3 47. f5+ Rxf5 48. Rb1 a2 49. Rxb4 a1=Q 50. Rb6+ Kh7 51. g6+ Kh6 52. Rb3 Qh1+ 53. Rh3 Rf4+ 54. Kg3 Rf3+ 55. Kh4 Qxh3# 0-1

[Event "GBR-ch111 Major Open"]
[Site "Liverpool"]
[Date "2025.08.08"]
[Round "7.6"]
[White "Jayar, Om Reddy"]
[Black "Amoako, Selikem PJ"]
[Result "1/2-1/2"]
[WhiteElo "1686"]
[BlackElo "1948"]
[PlyCount "116"]
[EventDate "2025.08.02"]
[EventType "swiss"]
[EventRounds "9"]
[EventCountry "GBR"]
[SourceTitle "BritBase"]
[Source "John Saunders"]
[SourceDate "2025.08.11"]
[SourceVersion "1"]
[SourceVersionDate "2025.08.11"]
[SourceQuality "1"]

1. c4 Nf6 2. Nc3 g6 3. g3 Bg7 4. Bg2 d6 5. e4 e5 6. Nge2 Nc6 7. O-O O-O 8. d3 h6 9. h3 Kh7 10. f4 Nd4 11. Nxd4 exd4 12. Ne2 c5 13. b4 Ne8 14. bxc5 dxc5 15. e5 f6 16. exf6 Nxf6 17. a4 Bd7 18. Rb1 Rb8 19. Kh2 Qe8 20. a5 Bc6 21. Bxc6 Qxc6 22. f5 g5 23. Ng1 Nd7 24. Nf3 Kg8 25. g4 Qc7+ 26. Kg2 Qxa5 27. Bd2 Qc7 28. Qe1 Rbe8 29. Qf2 Qc6 30. h4 Ne5 31. hxg5 hxg5 32. Kg1 Nxg4 33. Qg2 Ne3 34. Bxe3 Rxe3 35. Qg4 b6 36. Nxg5 Qh6 37. Rb2 Be5 38. Rg2 Qg7 39. Qh4 Qh8 40. Qg4 Qg7 41. Qh4 Qh8 42. Qg4 Qg7 43. Ne6 Qxg4 44. Rxg4+ Kf7 45. Nxf8 Kxf8 46. Re4 Kf7 47. Kf2 Bg3+ 48. Kg2 Rxd3 49. Rf3 Rxf3 50. Kxf3 d3 51. Ke3 Kf6 52. Kxd3 Be5 53. Rh4 Kxf5 54. Rh7 a6 55. Rb7 b5 56. cxb5 axb5 57. Rxb5 Bd4 58. Rxc5+ Bxc5 1/2-1/2

[Event "GBR-ch111 Major Open"]
[Site "Liverpool"]
[Date "2025.08.08"]
[Round "7.7"]
[White "Davis, Colin J"]
[Black "Raju, Sooraj Menothuparam"]
[Result "0-1"]
[WhiteElo "1955"]
[BlackElo "2119"]
[PlyCount "126"]
[EventDate "2025.08.02"]
[EventType "swiss"]
[EventRounds "9"]
[EventCountry "GBR"]
[SourceTitle "BritBase"]
[Source "John Saunders"]
[SourceDate "2025.08.11"]
[SourceVersion "1"]
[SourceVersionDate "2025.08.11"]
[SourceQuality "1"]

1. Nf3 g6 2. e4 c5 3. c4 Bg7 4. d4 cxd4 5. Nxd4 Nf6 6. Nc3 Nc6 7. Be3 Ng4 8. Qxg4 Nxd4 9. Qd1 Ne6 10. Qd2 Qa5 11. Rc1 b6 12. Be2 Bb7 13. f3 Be5 14. O-O g5 15. Rfd1 d6 16. Nd5 Qxd2 17. Rxd2 Rc8 18. Rcc2 Rg8 19. g3 Rf8 20. Bf1 g4 21. f4 Bh8 22. b4 Nd8 23. Bg2 Nc6 24. a3 e5 25. Nc3 Ke7 26. Nb5 Rfd8 27. c5 dxc5 28. bxc5 Nd4 29. Bxd4 exd4 30. Nd6 bxc5 31. Nxb7 d3 32. Nxd8 Bd4+ 33. Kf1 dxc2 34. Rxc2 Rxd8 35. Ke2 Rb8 36. e5 Rb3 37. a4 Kd7 38. Kd2 Ra3 39. Bd5 Ke7 40. Bc6 Bg1 41. Rb2 Ke6 42. Rb7 Bxh2 43. Bd7+ Kd5 44. Bxg4 Rxg3 45. Bh5 Rh3 46. Bxf7+ Kc6 47. Re7 Bxf4+ 48. Kc2 Re3 49. e6 a5 50. Re8 h6 51. Rc8+ Kb6 52. Rf8 Bg5 53. Rg8 Kb7 54. Rg7 Kc6 55. Rg8 Be7 56. Rg6 h5 57. Rg8 h4 58. Kd2 Re4 59. Kd3 Rd4+ 60. Kc3 h3 61. Bh5 Rxa4 62. Be8+ Kd6 63. Bxa4 h2 0-1

[Event "GBR-ch111 Major Open"]
[Site "Liverpool"]
[Date "2025.08.08"]
[Round "7.8"]
[White "Nelson, Jonathan P"]
[Black "Schell, Finn"]
[Result "1-0"]
[WhiteElo "2114"]
[BlackElo "1956"]
[PlyCount "27"]
[EventDate "2025.08.02"]
[EventType "swiss"]
[EventRounds "9"]
[EventCountry "GBR"]
[SourceTitle "BritBase"]
[Source "John Saunders"]
[SourceDate "2025.08.11"]
[SourceVersion "1"]
[SourceVersionDate "2025.08.11"]
[SourceQuality "1"]

1. e4 c6 2. Nf3 d5 3. e5 Bg4 4. d4 e6 5. c3 c5 6. dxc5 Bxc5 7. Qa4+ Nc6 8. Qxg4 Nge7 9. b4 Bb6 10. b5 Nb8 11. Bd3 Nd7 12. O-O Qc7 13. Qg3 Ng6 14. Re1 1-0

[Event "GBR-ch111 Major Open"]
[Site "Liverpool"]
[Date "2025.08.08"]
[Round "7.9"]
[White "Savage, Andrew"]
[Black "Varnam, Liam D"]
[Result "0-1"]
[WhiteElo "1950"]
[BlackElo "2105"]
[PlyCount "70"]
[EventDate "2025.08.02"]
[EventType "swiss"]
[EventRounds "9"]
[EventCountry "GBR"]
[SourceTitle "BritBase"]
[Source "John Saunders"]
[SourceDate "2025.08.11"]
[SourceVersion "1"]
[SourceVersionDate "2025.08.11"]
[SourceQuality "1"]

1. e4 c5 2. c3 Nf6 3. e5 Nd5 4. d4 Nc6 5. Nf3 cxd4 6. Bc4 Nb6 7. Bb3 d5 8. cxd4 h6 9. h3 g5 10. Be3 Bf5 11. Nc3 Bg7 12. Bc2 Qd7 13. Bxf5 Qxf5 14. Qb1 Qd7 15. g4 O-O-O 16. Qf5 e6 17. Qd3 f6 18. exf6 Bxf6 19. O-O-O Nc4 20. Nd2 Nb4 21. Qg6 Rdf8 22. a3 Rhg8 23. Qb1 Nc6 24. Nxc4 dxc4 25. Qe4 Na5 26. d5 Bxc3 27. bxc3 Qa4 28. Qxe6+ Kb8 29. Kd2 Qxa3 30. Qe5+ Ka8 31. Ke2 Nb3 32. Rhe1 Re8 33. Qc7 Qa2+ 34. Kf1 Rgf8 35. Kg2 Rxe3 0-1

[Event "GBR-ch111 Major Open"]
[Site "Liverpool"]
[Date "2025.08.08"]
[Round "7.10"]
[White "Nicholas, Koichi B"]
[Black "Sharma, Josh"]
[Result "1-0"]
[WhiteElo "2091"]
[BlackElo "1925"]
[PlyCount "179"]
[EventDate "2025.08.02"]
[EventType "swiss"]
[EventRounds "9"]
[EventCountry "GBR"]
[SourceTitle "BritBase"]
[Source "John Saunders"]
[SourceDate "2025.08.11"]
[SourceVersion "1"]
[SourceVersionDate "2025.08.11"]
[SourceQuality "1"]

1. e4 e5 2. Nf3 Nc6 3. Bc4 Nf6 4. d4 exd4 5. e5 d5 6. Bb5 Nd7 7. O-O Be7 8. c3 dxc3 9. Nxc3 Nb6 10. a4 a5 11. Be3 O-O 12. Bxb6 cxb6 13. Nxd5 Be6 14. Bc4 Bc5 15. Qb3 Nb4 16. Nf4 Bxc4 17. Qxc4 Rc8 18. Qb3 Re8 19. Rfe1 Rc6 20. e6 fxe6 21. Rad1 Qf6 22. g3 Kh8 23. Rd7 g6 24. Ne5 Nd5 25. Ng4 Qf8 26. Nxd5 exd5 27. Rxe8 Qxe8 28. Qxd5 Qe6 29. Qd2 Qxg4 30. Qc3+ Bd4 31. Qxd4+ Qxd4 32. Rxd4 Rc2 33. b4 Rb2 34. b5 Rb4 35. Rd8+ Kg7 36. Rd7+ Kg8 37. Rxb7 Rxa4 38. Rxb6 Rb4 39. Kg2 a4 40. Ra6 Rxb5 41. Rxa4 h6 42. Ra7 Rc5 43. Rd7 Rb5 44. h3 Rb3 45. Kf1 Rb2 46. Ke1 Ra2 47. Rd2 Ra3 48. Ke2 Kg7 49. Rd3 Ra2+ 50. Ke3 Ra1 51. Ke4 Re1+ 52. Kf4 Re2 53. f3 Re7 54. Rd5 Ra7 55. h4 Rf7+ 56. Ke4 Re7+ 57. Re5 Ra7 58. h5 Ra4+ 59. Ke3 gxh5 60. Rxh5 Ra3+ 61. Kf4 Kg6 62. Rd5 Ra1 63. Rd6+ Kg7 64. g4 Ra4+ 65. Ke5 Ra5+ 66. Rd5 Ra3 67. f4 Re3+ 68. Kf5 Re7 69. Re5 Ra7 70. Rd5 Re7 71. Rd6 Rf7+ 72. Ke5 Re7+ 73. Re6 Ra7 74. f5 Ra5+ 75. Kf4 Ra4+ 76. Re4 Ra7 77. Rd4 Re7 78. Rd6 Re1 79. Rg6+ Kh7 80. Re6 Rg1 81. Re7+ Kg8 82. f6 Rf1+ 83. Ke5 Re1+ 84. Kf5 Rg1 85. Rg7+ Kh8 86. Ke6 Re1+ 87. Kf7 Re4 88. g5 hxg5 89. Kg6 g4 90. Rh7+ 1-0

[Event "GBR-ch111 Major Open"]
[Site "Liverpool"]
[Date "2025.08.08"]
[Round "7.11"]
[White "Sugden, John N"]
[Black "Jaunooby, Ali Reza"]
[Result "1/2-1/2"]
[WhiteElo "1920"]
[BlackElo "2082"]
[PlyCount "118"]
[EventDate "2025.08.02"]
[EventType "swiss"]
[EventRounds "9"]
[EventCountry "GBR"]
[SourceTitle "BritBase"]
[Source "John Saunders"]
[SourceDate "2025.08.11"]
[SourceVersion "1"]
[SourceVersionDate "2025.08.11"]
[SourceQuality "1"]

1. e4 e5 2. Nf3 Nc6 3. Bb5 a6 4. Ba4 Nf6 5. O-O b5 6. Bb3 Be7 7. Re1 d6 8. c3 O-O 9. d4 Bg4 10. Be3 Re8 11. h3 Bh5 12. Nbd2 Bf8 13. d5 Nb8 14. a4 Nbd7 15. Bc2 b4 16. cxb4 Qb8 17. b5 axb5 18. a5 Rc8 19. g4 Bg6 20. Nh4 c5 21. dxc6 Rxc6 22. Nxg6 hxg6 23. g5 Nh5 24. Bb3 Rca6 25. Bd5 Rxa5 26. Bxa8 Qxa8 27. b4 Ra4 28. Rxa4 bxa4 29. Qg4 Qc6 30. Qe2 d5 31. exd5 Qxd5 32. Qc4 Nb6 33. Qxd5 Nxd5 34. b5 Bb4 35. Ra1 Nxe3 36. b6 Nd5 37. b7 Bd6 38. Ne4 Bb8 39. Rxa4 Nb6 40. Ra8 Nd7 41. Nc5 Nxc5 42. Rxb8+ Kh7 43. Rh8+ Kxh8 44. b8=Q+ Kh7 45. Qxe5 Ne6 46. h4 Nhf4 47. Qb8 f6 48. gxf6 gxf6 49. Qe8 f5 50. Kh2 Kg7 51. Qe7+ Kh6 52. Qf6 Kh7 53. h5 Ng7 54. hxg6+ Nxg6 55. Kg2 Nf4+ 56. Kf3 Ng6 57. Qd6 Kh6 58. Qh2+ Kg5 59. Ke3 Kf6 1/2-1/2

[Event "GBR-ch111 Major Open"]
[Site "Liverpool"]
[Date "2025.08.08"]
[Round "7.12"]
[White "Norris, Zack"]
[Black "Gupta, Leonardo"]
[Result "1-0"]
[WhiteElo "2036"]
[BlackElo "1885"]
[PlyCount "129"]
[EventDate "2025.08.02"]
[EventType "swiss"]
[EventRounds "9"]
[EventCountry "GBR"]
[SourceTitle "BritBase"]
[Source "John Saunders"]
[SourceDate "2025.08.11"]
[SourceVersion "1"]
[SourceVersionDate "2025.08.11"]
[SourceQuality "1"]

1. Nf3 d5 2. g3 c6 3. Bg2 Bg4 4. Ne5 Bf5 5. d4 e6 6. O-O Nf6 7. c4 Be7 8. Nc3 O-O 9. h3 Nbd7 10. f4 Ne4 11. Nxe4 Bxe4 12. Bxe4 dxe4 13. e3 f6 14. Nxd7 Qxd7 15. g4 Rad8 16. b3 f5 17. Bb2 h6 18. Rf2 Bf6 19. Rg2 Qe7 20. gxf5 exf5 21. Qh5 c5 22. d5 Bxb2 23. Rxb2 Qf6 24. Rab1 Qc3 25. Qe2 Rf6 26. Kh2 Rg6 27. a3 b6 28. Rc2 Qf6 29. Rd1 Qh4 30. Qf2 Qh5 31. Qe2 Qh4 32. Qe1 Qh5 33. b4 Rdd6 34. Rdd2 Rg4 35. Rg2 Rdg6 36. Qf1 Qh4 37. Rxg4 fxg4 38. Qg2 Qxh3+ 39. Qxh3 gxh3 40. Kxh3 Rg1 41. bxc5 bxc5 42. Rb2 Re1 43. Kg4 Rxe3 44. Kf5 Rd3 45. Kxe4 Rd4+ 46. Ke5 Rxc4 47. d6 Rd4 48. Rc2 Rd1 49. Ke6 Re1+ 50. Kd7 Re4 51. Kc8 Rxf4 52. d7 Rf8+ 53. d8=Q g5 54. Rh2 Rxd8+ 55. Kxd8 Kg7 56. Ke7 Kg6 57. Ke6 g4 58. Ke5 Kg5 59. Ke4 h5 60. Rc2 Kh4 61. Rxc5 Kg3 62. Rxh5 Kf2 63. Ra5 g3 64. Rxa7 g2 65. Rg7 1-0